000
00269nam a22001337a 4500
003
SGT
082
_a
617.63
_b
D21S
100
_a
SINGH, MONIKA
245
_a
DENTIST AND AIRWAY
260
_a
SGTU
_c
2021
300
_a
180
650
_a
ORAL MEDICINE
942
_2
ddc
_c
TH
999
_c
21147
_d
21147